|
|
|
|
| LEADER |
00678cam a2200229 7i4500 |
| 001 |
0000035234 |
| 005 |
20180924090000.0 |
| 007 |
##ta |
| 008 |
180924s2017 my g 000 f may |
| 020 |
# |
# |
|a 9789674690632
|
| 040 |
# |
# |
|a MATR
|
| 090 |
0 |
0 |
|a B 899.2333
|b UMI (LRM)
|
| 100 |
0 |
# |
|a Umie Nadzimah
|e author
|
| 245 |
1 |
0 |
|a Dia
|c Umie Nadzimah.
|
| 264 |
# |
1 |
|a Cheras, Selangor:
|b PENERBITAN KARYASENI SDN. BHD,
|c 2017.
|
| 300 |
# |
# |
|a iv, 775 pages;
|c 19 cm.
|
| 336 |
# |
# |
|a text
|2 rdacontent
|
| 337 |
# |
# |
|a unmediated
|2 rdamedia
|
| 338 |
# |
# |
|a volume
|2 rdacarrier
|
| 650 |
# |
0 |
|a Malay fiction
|
| 650 |
# |
0 |
|a Malaysian fiction (Malay)
|
| 999 |
|
|
|a 0000040223
|b Book
|c Book
|e Business Information Centre
|